000 00574nam a2200229Ia 4500
001 48237
005 20240114003901.0
007 ta
008 090513s1377 g b000 u 346 u
040 _aCotton College,Assam
041 _a346
082 _a891.443
_bSe 55 T
100 _aSen, Saurin .
245 0 _aTeto Kafi /
_cSaurin Sen.
_hTextual Documents
250 _a1st ed /
260 _aCalcutta :
_bAnanda Dhara Prakashan ,
_c1377.
300 _a271 p ;
_c23 cm.
653 _aBengali
942 _2ddc
_cBK
999 _c48202
_d48202